000 00912nam a2200217Ia 4500
003 Ost
005 20260507075113.0
008 260507s9999||||xx |||||||||||||| ||und||
020 _a977039744
040 _cfsecg
041 _aara
082 _a600
100 _aالطنوبي، محمد عمر
_eمؤلف
245 0 _aالمرجع في الاعلام والاعلام الزراعي /
_c محمد عمر الطنوبي
260 _aالاسكندرية:
_bمنشأة المعارف بالاسكندرية,
_c1995
300 _a402 صفحة؛
_bإيضاحات ؛
_c24 سم
520 _aالإعلام،الإتصال،الصحافة كوسيلة إتصال جماهيري،الإذاعة المسموعة،التليفزيون كوسيلة إتصالية جماهيرية،الإعلان،الاعلام والتنمية
653 _aالاعلام
653 _aالزراعة
942 _cكتاب
999 _c42959
_d42959